00351nam a2200109Ia 4500008004100000041000800041100002000049245009300069260003700162300000900199700003300208250110s9999 xx 000 0 und d aeng aChavan Priyanka aEnhance Indoor Air Quality And Thermal Comfort Throug Natural Ventilation In Restaurants bM.Arch Environmental, Punec2014 a150p aGuide Name:Kulkarni Prajakta